| 000 | 00851cam a2200145ua 4500 | ||
|---|---|---|---|
| 041 |
_aeng _h |
||
| 082 |
_a664.028 _bVEG/OF |
||
| 110 | 1 |
_aOffice of Industrial Resources . _b _c(Washington DC ) |
|
| 245 | _aVegetable fibers and their uses | ||
| 260 |
_aWashington : _bOffice of Industrial Resources , _c1965. |
||
| 300 | _a21 ; . | ||
| 504 | _a | ||
| 942 | _cBK | ||
| 999 |
_c12215 _d12215 |
||